Normal view
MARC view
- Usman,Aribidesi/ Falola Toyin
Entry Personal Name
001 - CONTROL NUMBER
- control field: 6134
003 - CONTROL NUMBER IDENTIFIER
- control field: JO-AjAnu
005 - DATE AND TIME OF LATEST TRANSACTION
- control field: 20230606071309.0
008 - FIXED-LENGTH DATA ELEMENTS
- fixed length control field: 230606|| aca||aabn | a|a d
040 ## - CATALOGING SOURCE
- Original cataloging agency: JO-AjAnu
- Transcribing agency: JO-AjAnu
100 ## - HEADING--PERSONAL NAME
- Personal name: Usman,Aribidesi/ Falola Toyin
670 ## - SOURCE DATA FOUND
- Source citation: Work cat.: (JO-AjAnu)3180: Usman,Aribidesi/ Falola Toyin, author, The Yoruba from Prehistory to the Present